Cine y literatura
Uloženo v:
| Hlavní autor: | |
|---|---|
| Médium: | Kniha |
| Jazyk: | španělština |
| Vydáno: |
Buenos Aires
Losada
2007
|
| Vydání: | 1a. ed |
| Edice: | Ensayo
|
| Témata: | |
| Tagy: |
Přidat tag
Žádné tagy, Buďte první, kdo vytvoří štítek k tomuto záznamu!
|
MARC
| LEADER | 00000nam a2200000 a 4500 | ||
|---|---|---|---|
| 001 | UCI5928 | ||
| 003 | CL-VaPUC | ||
| 008 | 080411e20070000AG |||||||||||||||||spa|d | ||
| 020 | |a 9789500395007 | ||
| 082 | 0 | 4 | |a Ar864 |b QUI |2 21 |
| 100 | |a Quiroga, Horacio |e author |9 371721 | ||
| 245 | 1 | 0 | |a Cine y literatura |
| 250 | |a 1a. ed | ||
| 300 | |a 382 p | ||
| 942 | |c BK | ||
| 945 | |d 20080411 00:00:00 |a jtorresc | ||
| 260 | |a Buenos Aires |b Losada |c 2007 | ||
| 650 | 0 | |a Ensayos argentinos |9 269128 | |
| 583 | |a last modification |c 20080411 00:00:00 |k Rodrigo Vera | ||
| 490 | 0 | |a Ensayo | |
| 999 | |c 329568 |d 329566 | ||
| 952 | |0 0 |1 0 |4 0 |6 AR_864_000000000000000_QUI_2007 |7 0 |8 A |9 414466 |a BIBHIS |b BIBHIS |d 2019-11-22 |i 4427165 |o Ar864 QUI 2007 |p 4427165 |r 2025-01-20 |w 2019-11-22 |y BK |k HIS | ||